<Das> Europa der Bürger in einer Gemeinschaft ohne Binnengrenzen

Gespeichert in:
Bibliographische Detailangaben
Weitere Verfasser: Magiera, Siegfried
Format: Buch
Sprache:Deutsch
Veröffentlicht: Baden-Baden Nomos 1990
Ausgabe:1. Aufl.
Schlagworte:
Tags: Tag hinzufügen
Keine Tags, Fügen Sie das erste Tag hinzu!

MARC

LEADER 00000nam a2200000 4500
001 c000647
005 20221215125302.3
020 |a 3-7890-1958-5 
041 0 |a ger 
044 |a DE 
245 1 0 |a <Das> Europa der Bürger in einer Gemeinschaft ohne Binnengrenzen  |c Red. Siegfried Magiera 
250 |a 1. Aufl. 
264 1 |a Baden-Baden  |b Nomos  |c 1990 
300 |a 262 s. 
610 2 0 |a Európske spoločenstvá 
610 2 0 |a právo 
610 2 0 |a voľby 
610 2 0 |a správa verejná 
610 2 0 |a Európsky parlament 
610 2 0 |a politika sociálna 
700 1 |a Magiera, Siegfried